000 01277nam a2200313 i 4500
003 EG-GICUC
005 20260121101221.0
008 251114s1998 ua ||||fr|||| 00| 0 ara d
040 _a EG-GICUC
_bara
_c EG-GICUC
_d EG-GICUC
_erda
041 0 _aara
082 0 4 _221
_a345.0612
_bم ح . أ
092 0 4 _221
099 _aLaw1 07 345.0612 م ح . أ 1998
100 0 _aمحمد عبد الله الحراري
_eمؤلف.
245 1 0 _aأصول القانون الإداري الليبي.
_nالجزء الثاني
_pوسائل مباشرة الادارة الشعبية لوظائفها /
_cمحمد عبد الله الحراري.
250 _aالطبعة الثالثة
264 1 _a[مكان النشر غير محدد] :
_b[الناشر غير محدد]،
_c1998.
300 _a267 ؛ صفحة
_c24 سم
_bإيضاحيات، صور، مثيليات ؛
336 _2rda content
_atext
337 _2rda media
_aComputer
338 _2rda carrier
_aOnline Resource
504 _a. 240-220 ببليوجرافيا: صفحات.
546 _aالنص باللغة العربية
650 1 4 _aالقانون الإداري
_2qrmak
651 1 _2qrmak
856 4 0 _uhttps://fll.law.cu.edu.eg/fulltext/bks/B07-00715.pdf
905 _a30
942 _2ddc
_cBK
_e21
_n0
999 _c43232
_d43232